000 00321cam a22000977a 4500
008 180718b1962 xxu||||| |||| 00| 0 eng d
082 _aDx54 In2k
245 _aKashmir: V.K. Krishna Menon's speeches in the security Council on May 3 & May 4, 1962
260 _aNew Delhi
_bInformation Service of India
_c1962
300 _a72+p.
999 _c490149
_d490149